| 000 | 01509nam a2200373 a 4500 | ||
|---|---|---|---|
| 001 | ebr10365183 | ||
| 003 | CaPaEBR | ||
| 006 | m u | ||
| 007 | cr cn||||||||| | ||
| 008 | 100330s2010 enka sb 000 0deng d | ||
| 020 | _z9780192807069 | ||
| 020 | _z9780191539725 (e-book) | ||
| 040 |
_aCaPaEBR _cCaPaEBR |
||
| 035 | _a(OCoLC)550669733 | ||
| 041 | 1 |
_aeng _hgrc |
|
| 050 | 1 | 4 |
_aPA6666 _b.A1 2010eb |
| 100 | 1 |
_aSeneca, Lucius Annaeus, _dca. 4 B.C.-65 A.D. |
|
| 245 | 1 | 0 |
_aSix tragedies _h[electronic resource] / _cSeneca ; translated with an introduction and notes by Emily Wilson. |
| 260 |
_aOxford : _bOxford University Press, _cc2010. |
||
| 300 |
_axxxvi, 240 p. : _bill. |
||
| 490 | 1 | _aOxford world's classics | |
| 504 | _aIncludes bibliographical references. | ||
| 533 |
_aElectronic reproduction. _bPalo Alto, Calif. : _cebrary, _d2011. _nAvailable via World Wide Web. _nAccess may be limited to ebrary affiliated libraries. |
||
| 600 | 1 | 0 |
_aSeneca, Lucius Annaeus, _dca. 4 B.C.-65 A.D. _vTranslations into English. |
| 650 | 0 |
_aMythology, Classical _vDrama. |
|
| 650 | 0 |
_aThyestes (Greek mythology) _vDrama. |
|
| 650 | 0 |
_aPhaedra (Greek mythology) _vDrama. |
|
| 650 | 0 |
_aOedipus (Greek mythology) _vDrama. |
|
| 655 | 7 |
_aElectronic books. _2local |
|
| 700 | 1 | _aWilson, Emily. | |
| 710 | 2 | _aebrary, Inc. | |
| 830 | 0 | _aOxford world's classics. | |
| 856 | 4 | 0 |
_uhttp://site.ebrary.com/lib/rucke/Doc?id=10365183 _zAn electronic book accessible through the World Wide Web; click to view |
| 999 |
_c218910 _d218910 |
||